| 000 | 00924nas a22002657a 4500 | ||
|---|---|---|---|
| 003 | BLK | ||
| 005 | 20250707123714.0 | ||
| 008 | 210315b bu |||||r|||| 00| 0 bu d | ||
| 022 | _a9772612121039 | ||
| 040 | _aBLK | ||
| 041 |
_aBUL _cBUL |
||
| 080 |
_aЛитература на отделни езици и езикови семейства _b821 _z821-93-34 |
||
| 139 |
_aБамби _bБ 24 |
||
| 245 | _aБамби | ||
| 260 |
_9210229 _aMilano _bHachette _c2019 |
||
| 300 |
_a[28] с. _bс цв. ил. _c21 см |
||
| 380 | _aDX | ||
| 490 |
_9206212 _aDisney |
||
| 490 |
_9443207 _aЗлатна колекция вълшебни приказки _v4 _x2612-1212 |
||
| 500 | _aПрев. от англ. ез. - Изд. на Disney | ||
| 852 |
_bД _c821-93-94/Б 24 |
||
| 856 |
_i0.00 _ldisable |
||
| 942 |
_cCPU _n0 _s1 _030 |
||
| 944 |
_k30543 _a30570 _cМоника Янева _lИва Цветкова |
||
| 999 |
_c539909 _d539909 |
||